Формирование портфеля криптовалют с помощью предельной величины риска; Физико-технические проблемы в науке, промышленности и медицине (ФТПНПМ-2019)

Dades bibliogràfiques
Parent link:Физико-технические проблемы в науке, промышленности и медицине (ФТПНПМ-2019).— 2019.— [С. 97]
Autor principal: Фокина Е. К.
Autor corporatiu: Национальный исследовательский Томский политехнический университет Инженерная школа ядерных технологий Отделение экспериментальной физики
Altres autors: Крицкий О. Л. Олег Леонидович
Sumari:Заглавие с экрана
Idioma:rus
Publicat: 2019
Col·lecció:Математическое моделирование в фундаментальных и прикладных исследованиях
Matèries:
Accés en línia:http://earchive.tpu.ru/handle/11683/56764
Format: MixedMaterials Electrònic Capítol de llibre
KOHA link:https://koha.lib.tpu.ru/cgi-bin/koha/opac-detail.pl?biblionumber=630347

MARC

LEADER 00000naa2a2200000 4500
001 630347
005 20240208133149.0
035 |a (RuTPU)RU\TPU\conf\31339 
035 |a RU\TPU\conf\31335 
090 |a 630347 
100 |a 20191029d2019 k y0rusy50 ca 
101 0 |a rus 
102 |a RU 
105 |a y z 101zy 
135 |a drgn ---uucaa 
181 0 |a i  
182 0 |a b 
200 1 |a Формирование портфеля криптовалют с помощью предельной величины риска  |f Е. К. Фокина, О. Л. Крицкий 
203 |a Текст  |c электронный 
225 1 |a Математическое моделирование в фундаментальных и прикладных исследованиях 
300 |a Заглавие с экрана 
320 |a [Библиогр.: с. 97 (1 назв.)] 
463 0 |0 (RuTPU)RU\TPU\conf\30850  |t Физико-технические проблемы в науке, промышленности и медицине (ФТПНПМ-2019)  |o сборник научных трудов Международной научно-практической конференции студентов, аспирантов и молодых ученых, г. Томск, 30 сентября - 04 октября 2019 г.  |f Национальный исследовательский Томский политехнический университет (ТПУ) ; под ред. А. Г. Горюнова [и др.]  |v [С. 97]  |d 2019 
610 1 |a труды учёных ТПУ 
610 1 |a электронный ресурс 
610 1 |a инвестиционные портфели 
610 1 |a криптовалюта 
610 1 |a риски 
610 1 |a банковская сфера 
610 1 |a финансовая сфера 
610 1 |a метод Марковица 
610 1 |a программное обеспечение 
700 1 |a Фокина  |b Е. К. 
701 1 |a Крицкий  |b О. Л.  |c математик  |c доцент Томского политехнического университета, кандидат физико-математических наук  |f 1976-  |g Олег Леонидович  |3 (RuTPU)RU\TPU\pers\28123  |9 13081 
712 0 2 |a Национальный исследовательский Томский политехнический университет  |b Инженерная школа ядерных технологий  |b Отделение экспериментальной физики  |3 (RuTPU)RU\TPU\col\23549 
801 2 |a RU  |b 63413507  |c 20191112  |g RCR 
856 4 |u http://earchive.tpu.ru/handle/11683/56764 
942 |c BK